Petit lexique vocabulaire Ados - Statistiques

Statistiques générales
  • Ce quiz a été pris 1 524 fois
    1 515 depuis la dernière actualisation
  • Le résultat moyen est 11 sur 26
Statistiques - réponses
Indices Initiale Réponses % Correct
Abréviation de « à ce qu’il paraît » A Askip
95%
Signifie faire l’amour. Je l’ai «____ », « j’ai ____ » K Ken
70%
Désigne la rage : « jai le ______ = être méga en colère » S Seum
62%
Signifie oui, je suis d’accord, mais peut s’utiliser pour dire bonjour W Wesh
62%
Personne qui passe trop de temps sur les écrans, au point de laisser de côté sa vie réelle G Geek
60%
Désigne une personne qui ment, qui affabule M Mytho
57%
Verlan de mère R Reum
57%
Désigne une chose, une personne, une situation, très étrange C Chelou
56%
Terme qui signifie « au calme », bien installé, en place, tranquille, cool O OKLM
52%
Désigne l’herbe, le cannabis W Weed
51%
Utilisé en SMS pour dire « au revoir, je t’aime » X Xoxo
50%
Abréviation de « Que la Famille », pour dire que l’on est entre proches Q QLF
47%
Réussir à avoir une relation avec une fille ou un garçon P Pecho
46%
Terme pour dire plaisir « ça fait____ » Z Zizir
40%
Désigne quelqu’un qui s’habille vraiment bien, ou une situation top S Stylé
35%
Abréviation de __ __ __ __, en français « on ne vit qu’une fois » Y Yolo
35%
Terme anglophone qui signifie câlins H Hugs
33%
Désigne un gars peu intéressant, ringard, faible et trouillard B Boloss
29%
Désigne le fait d’être en état d’ébriété ou sous l’emprise de drogue F Foncedé, Fracassé
27%
En secret ; en catimini ( en ____-_____ ) S Soum-soum
27%
Abréviation signifiant :« mais ce n’est pas possible » en version polie W WTF
26%
Terme qui désigne quelque chose de génial et d’incroyable C Chanmé
16%
Injonction qui veut dire « n’importe quoi » N Nawak
15%
Signifie faire la fête, s’amuser, rire, boire E Enjailler
10%
Désigne une situation plutôt désagréable et compliquée ( 2 mots ) L La Hass, Hess
5%
Une personne complètement nulle, un clochard, qui ne fait rien de sa vie S Schlag
5%
Aucun quiz correspondant
Distribution des résultats
% des personnes avec chaque résultat
Percentile par nombre de réponses
Votre historique - résultats
Vous n’avez pas pris ce quiz depuis la dernière actualisation